00778 2200241 4500001002100000005001500021035002000036007000300056008004100059020000600100082001400106084002000120245014300140250001000283260005700293300003400350650002500384110003900409990002200448990002200470990002200492990002200514INLIS00000000000576520260430114946 a0010-0426000050ta260430 0  a- a631.1:004 a631.1:004 PUS s1 aStandar Operasional Prosedur Pengelolaan Sistim Informasi Manajemen Penyuluhan Pertanian (SIMLUHTAN) /cPusat Penyuluhan Pertanian BPPSDMP aEd. 1 aJakarta :bPusat Penyuluhan Pertanian BPPSDMP,c2017 aiii, 14 hal. :bIlus ;c21 cm 4aPenyuluhan pertanian0 aPusat Penyuluhan Pertanian BPPSDMP a5136/BPPSDMP/2026 a5136/BPPSDMP/2026 a5136/BPPSDMP/2026 a5136/BPPSDMP/2026